000 00511pam a2200205 a 4500
001 4820089
005 20180125083230.0
008 891229r1990 nyua 001 0 eng
010 _a 89070332
020 _a089577349X
040 _aDLC
_cDLC
_dDLC
041 _aeng
080 _a635.965 sel
082 0 0 _a635.965 sel
_220
100 _a9
101 _amje
245 0 0 _aHouse plants /
_ccontributing editor, John Brookes.
906 _a7
_bcbc
_corignew
_d1
_eopcn
_f19
_gy-gencatlg
942 _2ddc
_cBK
999 _c40959
_d40959